[Event "Mittelfr. EM 2019 - NT"]
[Site "Nürnberg"]
[Date "2019.04.18"]
[Round "3.3"]
[White "Riexinger, Martin"]
[Black "Schlötterer, Hermann"]
[Result "1/2-1/2"]
[WhiteElo "1800"]
[BlackElo "1788"]
[PlyCount "122"]
[EventDate "2019.??.??"]
[WhiteTeam "SW Nürnberg Süd"]
[BlackTeam "Zabo-Eintracht Nürnberg"]

1. d4 c5 2. Nf3 cxd4 3. Nxd4 Nf6 4. e3 e5 5. Nf3 Nc6 6. b3 Bb4+ 7. c3 Be7 8.
Bb2 d6 9. Be2 O-O 10. h3 a6 11. O-O h6 12. c4 Re8 13. Nc3 Bf8 14. Qd2 Bf5 15.
Rfd1 Qb6 16. Rac1 Rad8 17. Nd5 Nxd5 18. cxd5 Ne7 19. Rc4 Rc8 20. Rdc1 Rxc4 21.
Rxc4 Rc8 22. Qc1 Rxc4 23. Qxc4 Qa5 24. e4 Qxa2 25. Bxe5 Qb1+ 26. Kh2 Qxe4 27.
Bxd6 Qxd5 28. Qc7 Qc6 29. Qd8 Qd7 30. Qxd7 Bxd7 31. Ne5 Be6 32. Bf3 f6 33. Bxb7
fxe5 34. Bxa6 Bxb3 35. Bxe5 Nc6 36. Bc7 Bc5 37. f4 Kf7 38. g4 Nd4 39. f5 Bd5
40. h4 Nf3+ 41. Kh3 Bf2 42. Bg3 Be3 43. Bh2 Be4 44. Be2 Ne1 45. Be5 Nd3 46.
Bxd3 Bxd3 47. Kg3 Be4 48. Bc3 h5 49. gxh5 Bxf5 50. Kf3 Bc1 51. Ba5 Bc2 52. Ke2
Bb2 53. Bd2 Kf6 54. h6 Kg6 55. hxg7 Kxg7 56. Bg5 Kg6 57. Kf2 Kf5 58. Bd8 Bd4+
59. Ke2 Be4 60. Bg5 Kg4 61. Bd8 Bh1 1/2-1/2

[Event "Mittelfr. EM 2019 - NT"]
[Site "Nürnberg"]
[Date "2019.04.18"]
[Round "3.4"]
[White "Luther, Helmut"]
[Black "Greul, Hans"]
[Result "0-1"]
[WhiteElo "2008"]
[BlackElo "2015"]
[PlyCount "76"]
[EventDate "2019.??.??"]
[WhiteTeam "SW Nürnberg Süd"]
[BlackTeam "SK Schwabach"]

1. d4 d5 2. c4 e6 3. Nc3 Nf6 4. Bg5 c6 5. Nf3 Nbd7 6. e3 Qa5 7. Nd2 Bb4 8. Rc1
O-O 9. a3 Bxc3 10. Rxc3 Ne4 11. Nxe4 dxe4 12. Be7 Re8 13. b4 Qc7 14. Bg5 a5 15.
Be2 e5 16. d5 axb4 17. axb4 cxd5 18. Qxd5 Ra1+ 19. Bd1 Nb6 20. Qxe4 Qd6 21. Qc2
Qxb4 22. O-O f6 23. Bh4 Be6 24. Be2 Rxf1+ 25. Bxf1 Rc8 26. Bg3 Nxc4 27. h3 b5
28. Bd3 h6 29. Bf5 Bxf5 30. Qxf5 Rd8 31. Rc1 Qd6 32. Ra1 Qb6 33. Kh2 b4 34. Qc2
Nd2 35. Qg6 Qc5 36. Bh4 Rf8 37. Ra6 e4 38. g3 Qc1 0-1

[Event "Mittelfr. EM 2019 - NT"]
[Site "Nürnberg"]
[Date "2019.04.18"]
[Round "3.5"]
[White "Cordts, Elof"]
[Black "Schanz, Karlheinz"]
[Result "1-0"]
[WhiteElo "1684"]
[BlackElo "1877"]
[PlyCount "91"]
[EventDate "2019.??.??"]
[WhiteTeam "SC Erlangen"]
[BlackTeam "SC Mühlhof-Reichelsdorf"]

1. e4 d5 2. exd5 Qxd5 3. Nc3 Qa5 4. Bc4 Nf6 5. d3 c6 6. Bd2 Qc7 7. Nge2 e5 8.
O-O Bd6 9. Ng3 Bg4 10. f3 Bc8 11. Qe1 O-O 12. Nge4 Nxe4 13. Nxe4 Bf5 14. Qg3
Bg6 15. Nxd6 Qxd6 16. Bc3 Qc5+ 17. Qf2 Qxf2+ 18. Rxf2 Nd7 19. Re1 Kh8 20. Bxe5
Rae8 21. Bc3 Rxe1+ 22. Bxe1 Re8 23. Kf1 Kg8 24. a4 a6 25. a5 Nf6 26. Re2 Rxe2
27. Kxe2 Nd5 28. Bxd5 cxd5 29. Ke3 Bf5 30. Kd4 Be6 31. Kc5 Bd7 32. Kxd5 Kf8 33.
Kd6 Ke8 34. Kc7 Bc6 35. c4 Ba4 36. Kxb7 Bc2 37. d4 Bd3 38. c5 Bc4 39. c6 Bd5
40. Kxa6 Bxc6 41. Kb6 Kd7 42. b4 Bd5 43. Bg3 Kc8 44. Bf4 h5 45. a6 Kd7 46. Kc5
1-0

[Event "Mittelfr. EM 2019 - NT"]
[Site "Nürnberg"]
[Date "2019.04.18"]
[Round "3.6"]
[White "Gajewski, Richard"]
[Black "Süß, Helmut"]
[Result "1-0"]
[WhiteElo "1681"]
[BlackElo "1851"]
[PlyCount "99"]
[EventDate "2019.??.??"]
[WhiteTeam "Wolframs-Eschenbach"]
[BlackTeam "SC Noris-Tarrasch Nürnberg"]

1. e4 c6 2. d4 d5 3. e5 Bf5 4. c4 dxc4 5. Bxc4 e6 6. Nc3 Nd7 7. g4 Bg6 8. h4 h5
9. g5 Ne7 10. Nh3 Nb6 11. Bb3 Bf5 12. f3 Ng6 13. Nf4 Bb4 14. Kf2 O-O 15. Nxh5
Rc8 16. Be3 Bxc3 17. bxc3 Nd5 18. Qd2 Qa5 19. Rac1 c5 20. Ng3 Nxe3 21. Qxe3
cxd4 22. cxd4 Ne7 23. h5 Nd5 24. Qe1 Qxe1+ 25. Rcxe1 Ne7 26. Ne4 Bxe4 27. fxe4
Rfd8 28. Rd1 Nc6 29. d5 Na5 30. dxe6 Nxb3 31. exf7+ Kxf7 32. axb3 Rxd1 33. Rxd1
Ke6 34. Rd6+ Kxe5 35. Rg6 Rh8 36. Rxg7 Rxh5 37. Rxb7 Kxe4 38. g6 Rg5 39. g7 a5
40. Ke2 Kd4 41. Kf3 Kc3 42. Kf4 Rg1 43. Kf5 Rxg7 44. Rxg7 Kxb3 45. Ke4 a4 46.
Kd3 a3 47. Rb7+ Ka2 48. Kc3 Ka1 49. Kb3 a2 50. Rh7 1-0

[Event "Mittelfr. EM 2019 - NT"]
[Site "Nürnberg"]
[Date "2019.04.18"]
[Round "3.7"]
[White "Floegel, Marco"]
[Black "Babichev, Vyacheslav"]
[Result "1/2-1/2"]
[WhiteElo "1638"]
[BlackElo "1783"]
[PlyCount "102"]
[EventDate "2019.??.??"]
[WhiteTeam "SK Herzogenaurach"]
[BlackTeam "SW Nürnberg Süd"]

1. e4 g6 2. Nf3 Bg7 3. d4 d6 4. Bc4 Nf6 5. Qe2 O-O 6. h3 Nbd7 7. Bf4 Nh5 8. Bg5
h6 9. Be3 c5 10. c3 Nb6 11. Bd3 cxd4 12. cxd4 Nf6 13. Nc3 Bd7 14. Rc1 e6 15.
O-O a6 16. Qd2 Kh7 17. g4 Ng8 18. Kh1 Rc8 19. Rg1 Nc4 20. Qe2 Nxe3 21. fxe3 e5
22. Rcf1 Ne7 23. h4 Nc6 24. d5 Nb4 25. Bb1 a5 26. a3 Na6 27. Bd3 Nc5 28. Bb5
Bxb5 29. Qxb5 b6 30. b4 axb4 31. axb4 Nd7 32. Na4 Qe7 33. Rc1 Rfd8 34. Rc6 Rb8
35. Rc7 Qe8 36. g5 h5 37. Rgc1 Rdc8 38. R1c6 Rxc7 39. Rxc7 Rd8 40. Nxb6 Nxb6
41. Qxb6 Bf8 42. Qc6 Kg8 43. b5 Be7 44. b6 Qf8 45. b7 f6 46. Kg2 f5 47. exf5
Qxf5 48. Rxe7 Rf8 49. Kh2 Qxf3 50. Qc8 Qf2+ 51. Kh1 Qf1+ 1/2-1/2

[Event "Mittelfr. EM 2019 - NT"]
[Site "Nürnberg"]
[Date "2019.04.18"]
[Round "3.8"]
[White "Ott, Hans"]
[Black "Weißmann, Peter"]
[Result "1-0"]
[WhiteElo "1475"]
[BlackElo "1756"]
[PlyCount "51"]
[EventDate "2019.??.??"]
[WhiteTeam "Zabo-Eintracht Nürnberg"]
[BlackTeam "SGem Fürth"]

1. e4 e5 2. Nf3 f5 3. Nxe5 Qf6 4. d4 d6 5. Nf3 fxe4 6. Qe2 Qe7 7. Ng5 d5 8.
Qb5+ c6 9. Qb3 Nf6 10. Bd2 h6 11. Nh3 g5 12. Be2 Be6 13. c4 Qd7 14. Ng1 dxc4
15. Bxc4 Bxc4 16. Qxc4 Qd5 17. Qb3 Na6 18. Qxb7 e3 19. Qxa8+ Kf7 20. Qb7+ Kg6
21. Nf3 exd2+ 22. Nbxd2 Nb4 23. O-O Bd6 24. Ne5+ Kf5 25. Ndf3 Rb8 26. g4+ 1-0

[Event "Mittelfr. EM 2019 - NT"]
[Site "Nürnberg"]
[Date "2019.04.18"]
[Round "3.9"]
[White "Reichel, Rolf"]
[Black "Schaller, Michael"]
[Result "0-1"]
[WhiteElo "1743"]
[BlackElo "1328"]
[PlyCount "56"]
[EventDate "2019.??.??"]
[WhiteTeam "SC Röthenbach/Pegnitz"]
[BlackTeam "SW Nürnberg Süd"]

1. e4 e5 2. Nf3 Nc6 3. Bc4 h6 4. O-O Nf6 5. d4 exd4 6. e5 Ng4 7. Re1 Qe7 8. h3
Ngxe5 9. Nxe5 Nxe5 10. f4 d6 11. fxe5 dxe5 12. Qe2 f6 13. Qh5+ Kd8 14. Nd2 Qc5
15. Bd3 b6 16. Nb3 Qb4 17. Bd2 Qd6 18. Rad1 a5 19. c3 c5 20. cxd4 cxd4 21. Bb5
Bd7 22. Bxd7 Qxd7 23. Qf3 Rb8 24. Rc1 Bd6 25. Rc6 Ke7 26. Nxd4 Rhc8 27. Bc3 Bc5
28. Qxf6+ gxf6 0-1

[Event "Mittelfr. EM 2019 - NT"]
[Site "Nürnberg"]
[Date "2019.04.18"]
[Round "3.11"]
[White "Deschler, Arne"]
[Black "Weigel, Rainer"]
[Result "1-0"]
[WhiteElo "1710"]
[BlackElo "1425"]
[PlyCount "103"]
[EventDate "2019.??.??"]
[WhiteTeam "SC Noris-Tarrasch Nürnberg"]
[BlackTeam "SG Büchenbach/Roth"]

1. e4 c5 2. Nc3 d6 3. g3 Nf6 4. Bg2 Nc6 5. h3 e6 6. d3 a6 7. Be3 Be7 8. f4 b5
9. Nf3 Bb7 10. O-O Qc7 11. g4 O-O-O 12. a4 b4 13. Ne2 a5 14. c3 Ba6 15. c4 Nd7
16. b3 Nb6 17. Qe1 h5 18. Qg3 hxg4 19. hxg4 Rh7 20. Kf2 Rdh8 21. Rh1 Bf6 22.
Rxh7 Rxh7 23. Rh1 Rxh1 24. Bxh1 Qd8 25. g5 Be7 26. d4 Bb7 27. d5 exd5 28. exd5
Nb8 29. f5 Qh8 30. Qh2 Qxh2+ 31. Nxh2 N8d7 32. Ng4 Kc7 33. Ng3 Bc8 34. Be4 Nf8
35. Kf3 Nh7 36. f6 gxf6 37. Bxh7 fxg5 38. Bf5 Bxf5 39. Nxf5 Bd8 40. Nf2 f6 41.
Ne4 Nd7 42. Nfxd6 Ne5+ 43. Kg3 Be7 44. Ne8+ Kd8 45. N8xf6 Nf7 46. Bxc5 Bxc5 47.
Nxc5 Nd6 48. Nfe4 Ke7 49. Nxd6 Kxd6 50. Nb7+ Ke5 51. Nxa5 Kd4 52. d6 1-0

[Event "Mittelfr. EM 2019 - NT"]
[Site "Nürnberg"]
[Date "2019.04.18"]
[Round "3.13"]
[White "Hummady, Pascha"]
[Black "Majid, Hakim"]
[Result "0-1"]
[WhiteElo "1388"]
[BlackElo "1588"]
[PlyCount "148"]
[EventDate "2019.??.??"]
[WhiteTeam "SC Noris-Tarrasch Nürnberg"]
[BlackTeam "SW Nürnberg Süd"]

1. e4 e5 2. Bc4 Nf6 3. Nc3 Bc5 4. d3 d6 5. h3 c6 6. Bb3 O-O 7. Nge2 d5 8. Ng3
dxe4 9. dxe4 Qb6 10. O-O Qc7 11. Qe1 a5 12. a4 Ba7 13. Be3 b6 14. Nce2 Bb7 15.
f4 exf4 16. Nxf4 Nbd7 17. Nfh5 Qe5 18. Nxf6+ Nxf6 19. c3 c5 20. Bf4 Qe7 21. Bc2
Rae8 22. e5 Nd5 23. Bh6 Qxe5 24. Qxe5 Rxe5 25. Bf4 Re6 26. Be4 Rd8 27. Rad1
Ree8 28. c4 Nxf4 29. Bxb7 Rxd1 30. Rxd1 h6 31. Rd7 Bb8 32. Nf5 Ng6 33. Bd5 Rf8
34. Rb7 Be5 35. Rxb6 Kh7 36. b3 Bc3 37. Be4 Kh8 38. Ne3 Nf4 39. Kf2 Ne6 40. Nd5
Bd4+ 41. Ke2 Ng5 42. Bf5 Re8+ 43. Kd2 g6 44. Bd7 Re5 45. Ra6 Ne4+ 46. Kc2 Ng3
47. Bg4 h5 48. Bf3 Nf1 49. Rxa5 Ne3+ 50. Nxe3 Rxe3 51. Ra8+ Kg7 52. a5 Rc3+ 53.
Kb2 Rxf3+ 54. Ka3 Rg3 55. a6 Rxg2 56. a7 Rg1 57. Ka4 Ra1+ 58. Kb5 Ra3 59. Kb6
Rxb3+ 60. Ka6 Ra3+ 61. Kb7 Rb3+ 62. Ka6 Rxh3 63. Re8 Ra3+ 64. Kb7 Rxa7+ 65.
Kxa7 h4 66. Re2 f5 67. Rh2 g5 68. Kb6 Kf6 69. Kc6 f4 70. Kd5 Kf5 71. Rh1 f3 72.
Rh3 f2 73. Rh1 Kf4 74. Rf1 g4 0-1

[Event "Mittelfr. EM 2019 - NT"]
[Site "Nürnberg"]
[Date "2019.04.18"]
[Round "4.1"]
[White "Petrov, Mikhail"]
[Black "Konsek, Peter"]
[Result "1-0"]
[WhiteElo "1905"]
[BlackElo "2062"]
[PlyCount "63"]
[EventDate "2019.??.??"]
[WhiteTeam "SW Nürnberg Süd"]
[BlackTeam "SW Nürnberg Süd"]

1. d4 f5 2. g3 Nf6 3. Bg2 g6 4. Nh3 d6 5. c3 e5 6. Qb3 c6 7. Ng5 Qe7 8. h4 h6
9. dxe5 dxe5 10. Nh3 Bg7 11. Nd2 Be6 12. Qc2 Nbd7 13. e4 O-O 14. exf5 gxf5 15.
Nf3 Ng4 16. O-O Qf7 17. b3 a5 18. Ba3 Rfd8 19. c4 e4 20. Nd2 Bxa1 21. Rxa1 Nde5
22. Nf4 Rd7 23. Bb2 c5 24. Qc3 b6 25. Nf1 Kh7 26. Ne3 Nd3 27. Nxg4 Rd4 28. Nxd3
Rxd3 29. Nf6+ Kh8 30. Qe1 Qg6 31. h5 Qg5 32. Nxe4+ 1-0

[Event "Mittelfr. EM 2019 - NT"]
[Site "Nürnberg"]
[Date "2019.04.18"]
[Round "4.2"]
[White "Kellmann, Andreas"]
[Black "Riexinger, Martin"]
[Result "1-0"]
[WhiteElo "1901"]
[BlackElo "1800"]
[PlyCount "55"]
[EventDate "2019.??.??"]
[WhiteTeam "SG Büchenbach/Roth"]
[BlackTeam "SW Nürnberg Süd"]

1. Nf3 e6 2. g3 d5 3. Bg2 c5 4. c4 Nf6 5. O-O Be7 6. cxd5 exd5 7. d4 b6 8. Nc3
O-O 9. b3 Bb7 10. Ba3 Na6 11. Rc1 Ne4 12. dxc5 Nxc3 13. Rxc3 bxc5 14. e3 Qa5
15. Qc1 Rac8 16. Rc2 Bf6 17. Rd1 Rfd8 18. Bb2 Bxb2 19. Qxb2 Qb6 20. Rcd2 Nc7
21. Ne5 f6 22. Nc4 Qe6 23. Qa3 Nb5 24. Qa5 Bc6 25. a4 Nc7 26. Qxc5 Bxa4 27.
bxa4 Na6 28. Qa5 1-0

[Event "Mittelfr. EM 2019 - NT"]
[Site "Nürnberg"]
[Date "2019.04.18"]
[Round "4.3"]
[White "Greul, Hans"]
[Black "Gajewski, Richard"]
[Result "1-0"]
[WhiteElo "2015"]
[BlackElo "1681"]
[PlyCount "117"]
[EventDate "2019.??.??"]
[WhiteTeam "SK Schwabach"]
[BlackTeam "Wolframs-Eschenbach"]

1. d4 c5 2. Nf3 Nf6 3. c4 cxd4 4. Nxd4 e5 5. Nf3 Nc6 6. Nc3 Bc5 7. e3 O-O 8.
Be2 d6 9. O-O Bf5 10. a3 a5 11. b3 Qc8 12. Bb2 Rd8 13. Rc1 h6 14. Nd5 Qd7 15.
Qd2 Ne4 16. Qe1 Rac8 17. b4 axb4 18. axb4 Ba7 19. Ra1 b6 20. Ra6 Qb7 21. Qa1
Be6 22. Qa3 Nf6 23. e4 Nxe4 24. Ra1 Ra8 25. Nxb6 Bxb6 26. Rxa8 Bc8 27. b5 Bxf2+
28. Kf1 Ne7 29. Bd3 Bc5 30. Qa5 Rf8 31. Qa6 Nf5 32. Qxb7 Bxb7 33. Rxf8+ Kxf8
34. Ke2 Ne7 35. Ba3 f5 36. Bxe4 fxe4 37. Nd2 Bd4 38. Rf1+ Ke8 39. Bxd6 e3 40.
Nf3 Ng6 41. g3 Kd7 42. Bb4 Be4 43. Rd1 Bxf3+ 44. Kxf3 Kc7 45. Ke4 Nh8 46. Rf1
Kd7 47. Rf8 Ng6 48. Rf7+ Ke6 49. Rxg7 Kf6 50. Rd7 e2 51. Kf3 Bg1 52. Kxe2 Bxh2
53. Kf2 Kf5 54. Kg2 Bxg3 55. Kxg3 h5 56. b6 h4+ 57. Kh2 e4 58. b7 Ne5 59. Rd5
1-0

[Event "Mittelfr. EM 2019 - NT"]
[Site "Nürnberg"]
[Date "2019.04.18"]
[Round "4.4"]
[White "Schlötterer, Hermann"]
[Black "Diebel, Günter"]
[Result "1/2-1/2"]
[WhiteElo "1788"]
[BlackElo "1854"]
[PlyCount "109"]
[EventDate "2019.??.??"]
[WhiteTeam "Zabo-Eintracht Nürnberg"]
[BlackTeam "SW Nürnberg Süd"]

1. d4 c6 2. g3 d5 3. Bg2 Nf6 4. Nf3 Bg4 5. Ne5 Nbd7 6. Nxg4 Nxg4 7. e4 Ngf6 8.
e5 Ng8 9. O-O e6 10. Nd2 h5 11. Nf3 Be7 12. h4 Nh6 13. Bh3 Ng4 14. Bg5 f6 15.
exf6 gxf6 16. Be3 Qc7 17. Bf4 e5 18. dxe5 fxe5 19. Bg5 e4 20. Nd4 Bxg5 21. Bxg4
hxg4 22. Ne6 Qe5 23. Nxg5 Nf6 24. c3 e3 25. Qe2 exf2+ 26. Qxf2 Ne4 27. Qf7+ Kd8
28. Nxe4 dxe4 29. Rad1+ Kc8 30. Qf5+ Qxf5 31. Rxf5 Kc7 32. Rf7+ Kb6 33. Rdd7
Rhd8 34. Rxb7+ Kc5 35. Rf5+ Kc4 36. Rf4 Kd3 37. Re7 Rab8 38. Rfxe4 Rxb2 39.
Re3+ Kc2 40. Re2+ Rd2 41. Kf2 Kxc3 42. Rxd2 Rxd2+ 43. Ke3 Rxa2 44. Kf4 Ra4+ 45.
Re4 Ra1 46. Kxg4 Kd3 47. Re7 c5 48. h5 c4 49. h6 c3 50. Kf3 Rh1 51. h7 c2 52.
Rd7+ Kc3 53. Rc7+ Kb2 54. Rb7+ Kc3 55. Rc7+ 1/2-1/2

[Event "Mittelfr. EM 2019 - NT"]
[Site "Nürnberg"]
[Date "2019.04.18"]
[Round "4.5"]
[White "Schaller, Michael"]
[Black "Cordts, Elof"]
[Result "0-1"]
[WhiteElo "1328"]
[BlackElo "1684"]
[PlyCount "84"]
[EventDate "2019.??.??"]
[WhiteTeam "SW Nürnberg Süd"]
[BlackTeam "SC Erlangen"]

1. e4 c5 2. Nf3 d6 3. Be2 Nf6 4. Nc3 e6 5. O-O Nc6 6. d4 cxd4 7. Nxd4 Be7 8.
Bb5 Bd7 9. Nxc6 bxc6 10. Bd3 Qc7 11. Bg5 h6 12. Bxf6 Bxf6 13. Qf3 O-O 14. Be2
Rab8 15. b3 Qa5 16. Rad1 Qxc3 17. Rxd6 Qxf3 18. Bxf3 Rfd8 19. Rd2 Be8 20. Re2
c5 21. c4 Bc6 22. Bg4 Rd4 23. f3 Rbd8 24. e5 Be7 25. f4 Rd2 26. Ref2 R8d4 27.
g3 g5 28. Bh5 Rxf2 29. Rxf2 Be8 30. f5 Bd7 31. fxe6 Bxe6 32. Re2 g4 33. Kg2 Bg5
34. Kf2 Rd2 35. Ke1 Rxe2+ 36. Kxe2 Bc1 37. Kf2 Bb2 38. Kg2 Bxe5 39. Kf1 Kg7 40.
Ke2 Kf6 41. Ke3 Kg5 42. h4+ Kxh5 0-1

[Event "Mittelfr. EM 2019 - NT"]
[Site "Nürnberg"]
[Date "2019.04.18"]
[Round "4.6"]
[White "Luther, Helmut"]
[Black "Ott, Hans"]
[Result "1-0"]
[WhiteElo "2008"]
[BlackElo "1475"]
[PlyCount "77"]
[EventDate "2019.??.??"]
[WhiteTeam "SW Nürnberg Süd"]
[BlackTeam "Zabo-Eintracht Nürnberg"]

1. d4 Nf6 2. c4 g6 3. f3 Bg7 4. e4 d6 5. Nc3 O-O 6. Bg5 c5 7. d5 Nbd7 8. Nh3
Ne5 9. Nf2 h6 10. Be3 Bd7 11. Be2 Qc8 12. h3 g5 13. h4 gxh4 14. Rxh4 Ng6 15.
Rh2 h5 16. Qd2 Kh7 17. O-O-O Rh8 18. g4 h4 19. g5 Nh5 20. f4 Kg8 21. Nd3 Ng3
22. Bf3 a6 23. f5 Ne5 24. Nxe5 Bxe5 25. Bf4 Bg7 26. Rg1 Bd4 27. Be3 Be5 28. Bf4
Bd4 29. Rd1 b5 30. Ne2 Nxe2+ 31. Qxe2 bxc4 32. Qxc4 Bb5 33. Qb3 Rb8 34. Qa3 Qb7
35. f6 Kf8 36. fxe7+ Ke8 37. Bxd6 Rc8 38. Rc2 c4 39. Rxd4 1-0

[Event "Mittelfr. EM 2019 - NT"]
[Site "Nürnberg"]
[Date "2019.04.18"]
[Round "4.7"]
[White "Babichev, Vyacheslav"]
[Black "Deschler, Arne"]
[Result "1-0"]
[WhiteElo "1783"]
[BlackElo "1710"]
[PlyCount "41"]
[EventDate "2019.??.??"]
[WhiteTeam "SW Nürnberg Süd"]
[BlackTeam "SC Noris-Tarrasch Nürnberg"]

1. Nf3 Nc6 2. g3 e5 3. d3 d5 4. c3 Be6 5. Ng5 Bc5 6. Nxe6 fxe6 7. b4 Bb6 8. Bh3
Qf6 9. O-O Nge7 10. b5 Nd8 11. e3 Nf7 12. Bg2 O-O 13. a4 Ng5 14. Ba3 c6 15.
bxc6 bxc6 16. a5 Bc7 17. Bc5 Rf7 18. h4 Nf3+ 19. Bxf3 Qxf3 20. Qxf3 Rxf3 21.
Bxe7 1-0

[Event "Mittelfr. EM 2019 - NT"]
[Site "Nürnberg"]
[Date "2019.04.18"]
[Round "4.9"]
[White "Schanz, Karlheinz"]
[Black "Reichel, Rolf"]
[Result "0-1"]
[WhiteElo "1877"]
[BlackElo "1743"]
[PlyCount "70"]
[EventDate "2019.??.??"]
[WhiteTeam "SC Mühlhof-Reichelsdorf"]
[BlackTeam "SC Röthenbach/Pegnitz"]

1. e4 c5 2. f4 d5 3. e5 Nc6 4. Nc3 h5 5. Be2 h4 6. h3 d4 7. Ne4 Nh6 8. Nxc5 Qd5
9. Nd3 Qxg2 10. Bf3 Qg3+ 11. Kf1 Bd7 12. Bg2 Nf5 13. Ne2 Qg6 14. Nc5 O-O-O 15.
Nxd7 Rxd7 16. d3 Qe6 17. Be4 f6 18. exf6 exf6 19. c3 dxc3 20. bxc3 Qxe4 21.
dxe4 Rxd1+ 22. Kg2 Rxh1 23. Kxh1 Nd6 24. Kg2 Nxe4 25. Kf3 f5 26. Be3 Bc5 27.
Rd1 Bxe3 28. Kxe3 Rd8 29. Rg1 Rd7 30. Rb1 Na5 31. Rb4 Rc7 32. Rb5 Nc4+ 33. Kd4
Ncd6 34. Rd5 Kd7 35. Ke5 Rc5 0-1

[Event "Mittelfr. EM 2019 - NT"]
[Site "Nürnberg"]
[Date "2019.04.18"]
[Round "4.10"]
[White "Meyer, Robert"]
[Black "Walter, Manfred"]
[Result "1/2-1/2"]
[WhiteElo "1738"]
[BlackElo "1784"]
[PlyCount "65"]
[EventDate "2019.??.??"]
[WhiteTeam "SC Stein"]
[BlackTeam "SV Lauf"]

1. Nf3 d6 2. d4 Nf6 3. Bf4 Nh5 4. Bg5 h6 5. Bh4 g5 6. Bg3 Bf5 7. e3 Bg7 8. Bd3
Nxg3 9. hxg3 Bxd3 10. Qxd3 c5 11. Nc3 Nc6 12. O-O-O Qa5 13. Qb5 O-O-O 14. Qxa5
Nxa5 15. g4 Nc6 16. Ne2 e6 17. Ng3 cxd4 18. exd4 d5 19. Nh5 Bf8 20. Rhe1 Bd6
21. c3 b5 22. b4 a5 23. a3 axb4 24. axb4 Kd7 25. Kc2 Ra8 26. Ra1 Rhc8 27. Kd3
Bc7 28. Nf6+ Kd6 29. Nh5 Bd8 30. Ng3 Bf6 31. Rh1 Bg7 32. Nh5 Bf8 33. Ng3
1/2-1/2

[Event "Mittelfr. EM 2019 - NT"]
[Site "Nürnberg"]
[Date "2019.04.18"]
[Round "4.11"]
[White "Weißmann, Peter"]
[Black "Walter, Gabriele"]
[Result "1-0"]
[WhiteElo "1756"]
[BlackElo "1576"]
[PlyCount "139"]
[EventDate "2019.??.??"]
[WhiteTeam "SGem Fürth"]
[BlackTeam "SV Lauf"]

1. e4 c5 2. Nf3 Nc6 3. d4 cxd4 4. Nxd4 g6 5. Nc3 Bg7 6. Be3 Nf6 7. f3 O-O 8.
Qd2 d5 9. Nxc6 bxc6 10. O-O-O e6 11. g4 Qc7 12. Bh6 dxe4 13. Bxg7 Kxg7 14. g5
Nd7 15. Nxe4 f6 16. Qd6 Qxd6 17. Nxd6 Ne5 18. f4 Ng4 19. Nxc8 Nf2 20. Rd7+ Rf7
21. Rxf7+ Kxf7 22. Nd6+ Ke7 23. gxf6+ Kxd6 24. Rg1 Rd8 25. Bg2 Rf8 26. Rf1 Ng4
27. Rd1+ Kc7 28. Bf3 Nxh2 29. Be2 h5 30. Rh1 Ng4 31. Bxg4 hxg4 32. Rg1 Rxf6 33.
Rxg4 Kd6 34. Kd2 e5 35. fxe5+ Kxe5 36. Rg5+ Kd4 37. c3+ Ke4 38. Ke2 Kf4 39. Ra5
Re6+ 40. Kf2 Re7 41. Ra6 Rc7 42. Ra4+ Kf5 43. Rc4 Ke5 44. a4 Kd5 45. Rd4+ Ke5
46. Rg4 Rf7+ 47. Ke3 Rf6 48. Rg5+ Kd6 49. Ra5 Re6+ 50. Kf4 Re7 51. Kg5 Re5+ 52.
Rxe5 Kxe5 53. Kxg6 Kd5 54. Kf5 a5 55. b3 c5 56. Kf4 c4 57. b4 axb4 58. cxb4 c3
59. Ke3 Kc4 60. b5 c2 61. Kd2 Kb3 62. Kc1 Kxa4 63. b6 Ka3 64. b7 Ka2 65. b8=Q
Ka3 66. Kxc2 Ka4 67. Kc3 Ka5 68. Kc4 Ka6 69. Kc5 Ka5 70. Qb5# 1-0

[Event "Mittelfr. EM 2019 - NT"]
[Site "Nürnberg"]
[Date "2019.04.18"]
[Round "4.12"]
[White "Majid, Hakim"]
[Black "Weigel, Rainer"]
[Result "1-0"]
[WhiteElo "1588"]
[BlackElo "1425"]
[PlyCount "63"]
[EventDate "2019.??.??"]
[WhiteTeam "SW Nürnberg Süd"]
[BlackTeam "SG Büchenbach/Roth"]

1. e4 c5 2. Bc4 d6 3. Nf3 Nf6 4. d3 Nc6 5. Ng5 e6 6. c3 h6 7. Nf3 Be7 8. O-O a6
9. Bb3 O-O 10. Nbd2 b5 11. Bc2 Bb7 12. d4 cxd4 13. cxd4 Qb6 14. e5 dxe5 15.
dxe5 Nd5 16. Ne4 Rfd8 17. Qe2 Rac8 18. Nd6 Bxd6 19. exd6 Rxd6 20. Be4 Rcd8 21.
Bb1 Nf6 22. Be3 Qc7 23. Bf4 e5 24. Nxe5 Nxe5 25. Bxe5 Re6 26. Bxc7 Rde8 27. Qd2
Re2 28. Qb4 Nd5 29. Qa5 Nxc7 30. Qxc7 Bd5 31. Bd3 Rxb2 32. Qd7 1-0

[Event "Mittelfr. EM 2019 - NT"]
[Site "Nürnberg"]
[Date "2019.04.18"]
[Round "4.13"]
[White "Hummady, Pascha"]
[Black "Keller, Jan-Christopher"]
[Result "0-1"]
[WhiteElo "1388"]
[BlackElo "1399"]
[PlyCount "136"]
[EventDate "2019.??.??"]
[WhiteTeam "SC Noris-Tarrasch Nürnberg"]
[BlackTeam "SV Neustadt/Aisch"]

1. e4 c6 2. Nc3 d5 3. Nf3 Bg4 4. h3 Bh5 5. d4 Nf6 6. e5 Ne4 7. Nxe4 dxe4 8. g4
exf3 9. gxh5 Qd5 10. b3 e6 11. Qd3 c5 12. Bb2 Be7 13. Rg1 O-O 14. h6 g6 15.
O-O-O Nc6 16. Kb1 Nb4 17. Qc4 Qe4 18. Bd3 Qc6 19. Bc3 a5 20. Rh1 Rfb8 21. dxc5
Qxc5 22. Qxc5 Bxc5 23. Rh2 a4 24. Bxb4 Bxb4 25. Be4 Bc3 26. Rd3 Bxe5 27. Rh1
Bf4 28. Bxf3 Bxh6 29. Rhd1 Bg5 30. Rd7 Ra7 31. R1d4 axb3 32. cxb3 Kf8 33. Rb4
Rc8 34. Rbxb7 Rc1+ 35. Kb2 Rxb7 36. Rxb7 Rf1 37. Bc6 Rxf2+ 38. Ka1 Bh6 39. a4
Rf5 40. Ka2 Kg8 41. Ka3 Bg7 42. Rb8+ Bf8+ 43. b4 Rh5 44. Bg2 e5 45. a5 e4 46.
Bxe4 Rxa5+ 47. Kb3 Rh5 48. Bg2 Kg7 49. Ka4 Bd6 50. Rb6 Bh2 51. b5 Rh4+ 52. Ka5
Bc7 53. Ka6 Ra4+ 54. Kb7 Bxb6 55. Kxb6 Kf6 56. Kc6 Rb4 57. Bd5 Ke7 58. b6 f5
59. Kc7 h6 60. b7 f4 61. h4 g5 62. hxg5 hxg5 63. Bf3 Kf6 64. b8=Q Rxb8 65. Kxb8
Kf5 66. Bc6 g4 67. Bg2 f3 68. Bh1 Kf4 0-1

[Event "Mittelfr. EM 2019 - NT"]
[Site "Nürnberg"]
[Date "2019.04.19"]
[Round "5.1"]
[White "Kellmann, Andreas"]
[Black "Petrov, Mikhail"]
[Result "1-0"]
[WhiteElo "1901"]
[BlackElo "1905"]
[PlyCount "93"]
[EventDate "2019.??.??"]
[WhiteTeam "SG Büchenbach/Roth"]
[BlackTeam "SW Nürnberg Süd"]

1. Nf3 d5 2. g3 Bf5 3. Bg2 e6 4. c4 c6 5. b3 Be7 6. Bb2 Nf6 7. O-O O-O 8. d3 a5
9. Nbd2 Qb6 10. Qc2 h6 11. Rac1 Nbd7 12. Ne5 d4 13. Nxd7 Nxd7 14. Nf3 c5 15.
Nd2 Bg4 16. Bf3 h5 17. e3 e5 18. Qd1 Qg6 19. Bxg4 hxg4 20. e4 Ra6 21. f3 Nf6
22. Rc2 a4 23. Bc1 axb3 24. axb3 Ra1 25. Qe2 Rfa8 26. fxg4 Nxg4 27. Nf3 Qh5 28.
Nxe5 Qxe5 29. Qxg4 Rb1 30. Rb2 Rba1 31. Bf4 Rxf1+ 32. Kxf1 Qf6 33. Kg2 Qa6 34.
Qd7 Bf8 35. Rf2 b6 36. Bc7 f6 37. Qe6+ Kh7 38. Qf7 Qc8 39. Rf5 Ra2+ 40. Kh3 Rf2
41. Bf4 Bd6 42. Qh5+ Kg8 43. Bxd6 Qe6 44. Qg4 Rxf5 45. Qxf5 Qxd6 46. Qd5+ Qxd5
47. exd5 1-0

[Event "Mittelfr. EM 2019 - NT"]
[Site "Nürnberg"]
[Date "2019.04.19"]
[Round "5.2"]
[White "Cordts, Elof"]
[Black "Greul, Hans"]
[Result "0-1"]
[WhiteElo "1684"]
[BlackElo "2015"]
[PlyCount "50"]
[EventDate "2019.??.??"]
[WhiteTeam "SC Erlangen"]
[BlackTeam "SK Schwabach"]

1. e4 e6 2. d4 d5 3. exd5 exd5 4. Bd3 Bd6 5. Ne2 Nf6 6. Bf4 O-O 7. O-O Re8 8.
Bxd6 Qxd6 9. Ng3 Bg4 10. f3 Be6 11. Re1 Qb6 12. Nd2 Qxd4+ 13. Kh1 c5 14. Ndf1
Nc6 15. c3 Qf4 16. Rc1 Rad8 17. Qd2 Qxd2 18. Nxd2 a6 19. Kg1 Bc8 20. Bb1 Kf8
21. Kf2 b6 22. Rxe8+ Rxe8 23. Re1 g6 24. a3 Ne5 25. Ngf1 Neg4+ 0-1

[Event "Mittelfr. EM 2019 - NT"]
[Site "Nürnberg"]
[Date "2019.04.19"]
[Round "5.3"]
[White "Konsek, Peter"]
[Black "Schlötterer, Hermann"]
[Result "1-0"]
[WhiteElo "2062"]
[BlackElo "1788"]
[PlyCount "89"]
[EventDate "2019.??.??"]
[WhiteTeam "SW Nürnberg Süd"]
[BlackTeam "Zabo-Eintracht Nürnberg"]

1. e4 Nf6 2. e5 Nd5 3. d4 d6 4. c4 Nb6 5. exd6 exd6 6. Nc3 Be7 7. Bd3 Nc6 8.
Nge2 Bg4 9. Be3 Nb4 10. Bb1 d5 11. c5 Nc8 12. Qa4+ Nc6 13. Nf4 Be6 14. b4 Bf6
15. b5 N6e7 16. Nxe6 fxe6 17. Qc2 Nf5 18. Ne2 Nce7 19. O-O Ng6 20. Qd2 Ngh4 21.
f4 Qe7 22. g4 Nxe3 23. Qxe3 g5 24. fxg5 Bxg5 25. Qe5 O-O-O 26. Bd3 Rhf8 27. Qg3
Ng6 28. c6 b6 29. Bxg6 hxg6 30. Rxf8 Rxf8 31. Rf1 Rxf1+ 32. Kxf1 Bh4 33. Qe3
Bg5 34. Nf4 Bxf4 35. Qxf4 Kd8 36. Qe5 Qf7+ 37. Kg2 Qg8 38. Qf6+ Ke8 39. h4 Qf7
40. Qh8+ Qf8 41. Qxf8+ Kxf8 42. Kf3 e5 43. dxe5 Kf7 44. Ke3 Ke7 45. Kd4 1-0